000 00587nam a2200229Ia 4500
003 OSt
005 20221005115551.0
006 a|||||r|||| 00| 0
007 ta
008 221004b |||||||| |||| 00| 0 eng d
024 _a59632
037 _cTextual
040 _aCRL
_cCRL
_beng
041 _2eng
_aeng
082 _aV2:25xM89x, H0
100 _aNehru Jawahar Lal
245 0 _aChina, Spain and the war
_b Essays and writings
260 _c1940
650 _aHISTORY
942 _hV2:25xM89x, H0
_cTEXL
_2cc
999 _c1035229
_d1035229